| 000 | 00487nam a2200157 i 4500 | ||
|---|---|---|---|
| 001 | 57802 | ||
| 003 | ES-MaACL | ||
| 007 | t| | ||
| 008 | 031017s1969 mx ||||1| spa d | ||
| 100 | 1 |
_aDublin, Jack. _945759 |
|
| 245 | 1 | 0 |
_aUniones de crédito _b: teoría y práctica / _cJack Dublin ; [versión por Rubén Pimentel]. |
| 260 |
_a[México, D.F.] : _bRoble, _c[1969] |
||
| 300 |
_aXIII, 216 p. ; _c21 cm. |
||
| 700 | 1 |
_aPimentel, Rubén C. _992051 |
|
| 852 |
_aES-MaACL _jE-9064 _bR.93698 |
||
| 999 |
_c57802 _d57802 |
||